|
|
|
|
| LEADER |
00788cam a2200217 7i4500 |
| 001 |
0000056178 |
| 005 |
20260305090000.0 |
| 020 |
|
|
|a 9781482229943 (electronic book)
|
| 090 |
0 |
0 |
|a QC793.3.B4
|b G76 2015
|
| 100 |
1 |
|
|a Groves, Timothy R
|
| 245 |
1 |
0 |
|a Charged particle optics theory :
|b an introduction
|c imothy R. Groves.
|
| 300 |
|
|
|a 1 online resource (xii, 355 pages):
|b illustrations, text file, PDF.
|
| 336 |
|
|
|a text
|2 rdacontent
|
| 337 |
|
|
|a computer
|2 rdamedia
|
| 338 |
|
|
|a online resource
|2 rdacarrier
|
| 650 |
0 |
0 |
|a Particle beams
|
| 650 |
0 |
0 |
|a Electron optics
|
| 655 |
0 |
0 |
|a Electronic books
|
| 856 |
4 |
2 |
|h ttp://library.unisel.edu.my/web/guest/mylibrary
|
| 997 |
|
|
|a Engineering & Life Sciences, Faculty
|b Engineering, Department
|
| 999 |
|
|
|a EBO0002481
|b EBOOK
|c EBOOK
|e Electronic resources
|